000 01252nam0a22002891 4500
001 rc\4096187
005 20250611090802.0
021 _aRU
_b[48-28477]
035 _a(NLR Aleph) 008136091
090 _a9454711
_c9454711
100 _a20130415d1948 |||y0rusy50 ca
101 0 _arus
102 _aRU
105 _aa b |||||
200 1 _aГорячая раскатка на специальных станках
_e[Текстильное машиностроение]
210 _aМосква
_aЛенинград
_cМашгиз. [Ленингр. отд-ние]
_d1948
_gлаборатория полиграфмашин Ленингр. политехн. ин-та
215 _a62 с.
_cил.
_d20
225 1 _aТехнология машиностроения
_iСтанки и обработка металлов резанием
300 _aПеред загл. авт.: П.В. Камнев
606 _aВатерные кольца
_xРаскатка горячая
_2psbo
606 _aРаскатка металлов, горячая
_2psbo
700 1 _aКамнев
_bП.В.
_gПетр Владимирович
801 0 _aRU
_bNLR
_gpsbo
801 1 _aRU
_bELAR
_2rusmarc
852 _aNLR
_jТ56 Г-4/200
942 _cBOOK
980 _aNB